000 00279nam a22001337a 4500
008 170201b xxu||||| |||| 00| 0 eng d
020 _a9780131462755
041 _aeng
080 _a61
100 _a6
101 _aSHM
245 _aCHILDREN TODAY
_cGRAIG.G.J
942 _2udc
_cBK
999 _c4201
_d4201